<?xml version="1.0" encoding="UTF-8"?>
<record
    xmlns:xsi="http://www.w3.org/2001/XMLSchema-instance"
    xsi:schemaLocation="http://www.loc.gov/MARC21/slim http://www.loc.gov/standards/marcxml/schema/MARC21slim.xsd"
    xmlns="http://www.loc.gov/MARC21/slim">

  <leader>00488    a2200157   4500</leader>
  <datafield tag="952" ind1=" " ind2=" ">
    <subfield code="0">0</subfield>
    <subfield code="1">0</subfield>
    <subfield code="4">0</subfield>
    <subfield code="7">0</subfield>
    <subfield code="8">NFIC</subfield>
    <subfield code="a">LL</subfield>
    <subfield code="b">LL</subfield>
    <subfield code="c">GEN</subfield>
    <subfield code="d">2021-09-21</subfield>
    <subfield code="e">Donation.Raoul Wallenberg Institute</subfield>
    <subfield code="l">0</subfield>
    <subfield code="o">KTL19.A35BUT2015</subfield>
    <subfield code="p">032225</subfield>
    <subfield code="r">2021-09-21 00:00:00</subfield>
    <subfield code="t">C.2</subfield>
    <subfield code="w">2021-09-21</subfield>
    <subfield code="y">BK</subfield>
  </datafield>
  <datafield tag="952" ind1=" " ind2=" ">
    <subfield code="0">0</subfield>
    <subfield code="1">0</subfield>
    <subfield code="4">0</subfield>
    <subfield code="7">0</subfield>
    <subfield code="8">NFIC</subfield>
    <subfield code="a">CCL</subfield>
    <subfield code="b">CCL</subfield>
    <subfield code="c">GEN</subfield>
    <subfield code="d">2022-05-30</subfield>
    <subfield code="e">Donation.Raoul Wallenberg Institute</subfield>
    <subfield code="l">0</subfield>
    <subfield code="o">KTL19.A35BUT2015</subfield>
    <subfield code="p">032224</subfield>
    <subfield code="r">2022-05-30 00:00:00</subfield>
    <subfield code="t">C.3</subfield>
    <subfield code="w">2022-05-30</subfield>
    <subfield code="y">BK</subfield>
  </datafield>
  <datafield tag="952" ind1=" " ind2=" ">
    <subfield code="0">0</subfield>
    <subfield code="1">0</subfield>
    <subfield code="4">0</subfield>
    <subfield code="7">0</subfield>
    <subfield code="8">NFIC</subfield>
    <subfield code="a">LL</subfield>
    <subfield code="b">LL</subfield>
    <subfield code="c">GEN</subfield>
    <subfield code="d">2022-05-31</subfield>
    <subfield code="e">Donation.Raoul Wallenberg Institute</subfield>
    <subfield code="l">0</subfield>
    <subfield code="o">KTL 19.A35 BUT 2015</subfield>
    <subfield code="p">032286</subfield>
    <subfield code="r">2022-05-31 00:00:00</subfield>
    <subfield code="t">C.4</subfield>
    <subfield code="w">2022-05-31</subfield>
    <subfield code="y">BK</subfield>
  </datafield>
  <datafield tag="999" ind1=" " ind2=" ">
    <subfield code="c">9858</subfield>
    <subfield code="d">9858</subfield>
  </datafield>
  <datafield tag="020" ind1=" " ind2=" ">
    <subfield code="a">9783659529948</subfield>
  </datafield>
  <datafield tag="050" ind1=" " ind2=" ">
    <subfield code="a">KTL19.A35BUT2015</subfield>
  </datafield>
  <datafield tag="100" ind1=" " ind2=" ">
    <subfield code="a">Buthelezi , Michael Mbongiseni</subfield>
    <subfield code="e">author</subfield>
  </datafield>
  <datafield tag="245" ind1=" " ind2=" ">
    <subfield code="a">Introduction to New South African Law /</subfield>
    <subfield code="c">Michael Mbongiseni Buthelezi</subfield>
  </datafield>
  <datafield tag="264" ind1=" " ind2=" ">
    <subfield code="a">German:</subfield>
    <subfield code="b">LAP LAMBERT Acardemic Publishing,</subfield>
    <subfield code="c">c2015</subfield>
  </datafield>
  <datafield tag="300" ind1=" " ind2=" ">
    <subfield code="a">126p. :</subfield>
  </datafield>
  <datafield tag="500" ind1=" " ind2=" ">
    <subfield code="a">includes index</subfield>
  </datafield>
  <datafield tag="650" ind1=" " ind2=" ">
    <subfield code="a">South African law</subfield>
  </datafield>
  <datafield tag="700" ind1=" " ind2=" ">
    <subfield code="a">South African Law</subfield>
  </datafield>
  <datafield tag="942" ind1=" " ind2=" ">
    <subfield code="2">lcc</subfield>
    <subfield code="c">BK</subfield>
    <subfield code="h">19.A35</subfield>
    <subfield code="i">BUT</subfield>
    <subfield code="k">KTL</subfield>
  </datafield>
</record>
